Normal view
MARC view
Entry Personal Name
001 - CONTROL NUMBER
- control field: 29159
003 - CONTROL NUMBER IDENTIFIER
- control field: dpl
005 - DATE AND TIME OF LATEST TRANSACTION
- control field: 20110704123937.0
008 - FIXED-LENGTH DATA ELEMENTS
- fixed length control field: 110704|||a|||||| | ||| d
040 ## - CATALOGING SOURCE
- Original cataloging agency: dpl
- Transcribing agency: dpl
100 ## - HEADING--PERSONAL NAME
- Personal name: Kirloskar, Leela
670 ## - SOURCE DATA FOUND
- Source citation: Work cat.: (dpl): Kirloskar, Leela, Winter /, 2009
670 ## - SOURCE DATA FOUND
- Source citation: Work cat.: (dpl): Kirloskar, Leela, Winter /, 2009
